000 00530nam a22001817a 4500
003 NUST - PNEC
005 20170116181151.0
008 151124b xxu||||| |||| 00| 0 eng d
020 _a0713996153
040 _cLIBRARY
082 _a909.0971241 FER
100 _915407
_aFerguson, Niall
245 _a Empire the rise and demise of the British world order and the lessons for global power
_c Niall,Ferguson
250 _a-
260 _cc 2002
650 _915408
_aCommonwealth countries
_xPN Book Club
942 _2ddc
_cBK
999 _c70942
_d70942